000 00467nam a2200157 i 4500
001 21390
003 ES-MaACL
005 20230906152453.0
007 t|
008 021125s1977 xxk ||||1| eng d
245 0 4 _aThe agricultural development of the Republic of China.
260 _a[S.l.] :
_bWorld Anti-Communist League,
_c1977.
300 _a92 p., 6 lám. col. ;
_c19 cm.
710 2 _aWorld Anti-Communist League.
_97573
852 _aES-MaACL
_jA-7208
_bR.96360
999 _c21390
_d21390